Central Library OPAC University of Rajshahi

The temple of the wild geese : (Record no. 63158)

MARC details
000 -LEADER
fixed length control field 01154nam a2200301 a 4500
001 - CONTROL NUMBER
control field 63158
003 - CONTROL NUMBER IDENTIFIER
rucl marc code BD-RjUL
005 - DATE AND TIME OF LATEST TRANSACTION
control field 20211209081150.0
008 - FIXED-LENGTH DATA ELEMENTS--GENERAL INFORMATION
fixed length control field 170128s2008 ilu 000 1 eng d
020 ## - INTERNATIONAL STANDARD BOOK NUMBER
International Standard Book Number 9781564784902 (alk. paper)
International Standard Book Number 1564784908 (alk. paper)
035 ## - SYSTEM CONTROL NUMBER
System control number (BD-RjUL)63286
040 ## - CATALOGING SOURCE
Original cataloging agency DLC
Transcribing agency DLC
Modifying agency BTCTA
-- BAKER
-- BD-RjUL
-- C#P
-- DLC
-- ANL
Language of cataloging eng
041 1# - LANGUAGE CODE
Language code of text/sound track or separate title eng
Language code of original jpn
082 00 - DEWEY DECIMAL CLASSIFICATION NUMBER
Classification number 895.635
Edition number 22
Author mark and year MIT 2008
100 1# - MAIN ENTRY--PERSONAL NAME
Personal name Minakami, Tsutomu,
Dates associated with a name 1919-2004.
9 (RLIN) 187938
245 14 - TITLE STATEMENT
Title The temple of the wild geese :
Remainder of title and Bamboo dolls of Echizen : two novellas /
Statement of responsibility, etc. by Tsutomu Mizukami ; translation with a postscript by Dennis Washburn.
260 ## - PUBLICATION, DISTRIBUTION, ETC. (IMPRINT)
Place of publication, distribution, etc. Champaign, Ill. :
Name of publisher, distributor, etc. Dalkey Archive Press,
Date of publication, distribution, etc. 2008.
300 ## - PHYSICAL DESCRIPTION
Pagination 203 p. ;
Size 24 cm.
650 #0 - SUBJECT ADDED ENTRY--TOPICAL TERM
Topical term or geographic name as entry element Japanese fictions
Chronological subdivision 20th century.
9 (RLIN) 187939
Topical term or geographic name as entry element Japanese fictions
Form subdivision Translations into English.
9 (RLIN) 187940
700 1# - ADDED ENTRY--PERSONAL NAME
Personal name Washburn, Dennis C.
Fuller form of name (Dennis Charles),
Dates associated with a name 1954-
Personal name Minakami, Tsutomu,
Dates associated with a name 1919-2004.
942 ## - ADDED ENTRY ELEMENTS (KOHA)
Source of classification or shelving scheme Dewey Decimal Classification
Koha item type Books
Holdings
Lost status Source of classification or shelving scheme Damaged status Not for loan Collection code Permanent Location Current Location Shelving location Date acquired Source of acquisition Total Checkouts Full call number Date last seen Copy number Koha item type
  Dewey Decimal Classification   Not For Loan Fiction Central Library, University of Rajshahi Central Library, University of Rajshahi Reading Room 12/03/2009 Japan Kiko House   895.635 MIT 2008 28/01/2017 C-1 Books